Jangloos / (Record no. 523375)
[ view plain ]
| 000 -LEADER | |
|---|---|
| fixed length control field | 00359nam a22001457a 4500 |
| 005 - DATE AND TIME OF LATEST TRANSACTION | |
| control field | 20190125133035.0 |
| 008 - FIXED-LENGTH DATA ELEMENTS--GENERAL INFORMATION | |
| fixed length control field | 190125b ||||| |||| 00| 0 eng d |
| 040 ## - CATALOGING SOURCE | |
| Transcribing agency | DLC |
| 082 ## - DEWEY DECIMAL CLASSIFICATION NUMBER | |
| Classification number | 891.4393 |
| Author Mark | SHA |
| 100 ## - MAIN ENTRY--PERSONAL NAME | |
| Personal name | Shaukat Saddiqui |
| 9 (RLIN) | 13572 |
| 245 ## - TITLE STATEMENT | |
| Title | Jangloos / |
| 260 ## - PUBLICATION, DISTRIBUTION, ETC. | |
| Place of publication, distribution, etc. | Karachi : |
| Name of publisher, distributor, etc. | Raktab Publications, |
| Date of publication, distribution, etc. | 2010. |
| 300 ## - PHYSICAL DESCRIPTION | |
| Extent | 200p. : |
| 942 ## - ADDED ENTRY ELEMENTS (KOHA) | |
| Source of classification or shelving scheme | |
| Koha item type | Book |
| Withdrawn status | Lost status | Source of classification or shelving scheme | Damaged status | Not for loan | Permanent Location | Current Location | Date acquired | Total Checkouts | Total Renewals | Full call number | Barcode | Date last seen | Date last checked out | Price effective from | Koha item type |
|---|---|---|---|---|---|---|---|---|---|---|---|---|---|---|---|
| Central Library (CL) | Central Library (CL) | 01/25/2019 | 3 | 1 | 891.4393 SHA | NIT-9767 | 08/21/2025 | 07/19/2025 | 01/25/2019 | Book | |||||
| Central Library (CL) | Central Library (CL) | 01/25/2019 | 4 | 891.4393 SHA | NIT-9768 | 09/16/2025 | 08/21/2025 | 01/25/2019 | Book | ||||||
| School of Civil and Environmental Engineering (SCEE) | School of Civil and Environmental Engineering (SCEE) | 02/14/2020 | 1 | 891.4393 SHA | NIT-9766 | 07/02/2024 | 06/28/2024 | 02/14/2020 | Book |
